000 01025nam a2200289 c 4500
003 BLK
005 20250712130728.0
008 180408b bul|||||r ||||||| ||bul||
010 _aKNG00070105000
020 _a954-769-136-8
_bиздат.: Обсидиан
040 _aBLK
041 _aBUL
_cBUL
080 _aБългарска литература
_b821.163.2
_x-31
_z821.163.2-31
100 1 _aДворянова, Емилия Валтер
_eпърви автор
_9254529
139 _aДворянова, Емилия Валтер
_bД 29
245 1 0 _aЗемните градини на Богородица
_bРоман
_cЕмилия Валтер Дворянова.
257 _aBGR
260 София
_bОбсидиан
_c2006
_fСофия : Инвестпрес
300 _a376 с.
_c20 см
380 _aX
852 _aЦб 230473
856 4 _qpdf
_u
856 4 _qpdf
_u
942 _cKNG
_n0
_04
944 _aCR
_c18.12.2006
_k30575
_lМартин Енчев
944 _aED
_c21.04.2008
_k
999 _c65823
_d65823